[Event "6th Altibox Norway Chess 2018"]
[Site "Stavanger"]
[Date "2018.06.07"]
[Round "9.3"]
[White "Caruana, Fabiano"]
[Black "So, Wesley"]
[Result "1-0"]
[WhiteElo "2822"]
[BlackElo "2778"]
[Annotator "TA"]
[PlyCount "95"]
[EventDate "2018.05.26"]
[EventType "tourn"]
[EventRounds "9"]
[EventCountry "NOR"]
[SourceTitle "playchess.com"]
[Source "ChessBase"]
[SourceQuality "1"]

{[%evp 18,95,6,4,10,0,11,-15,27,36,26,-10,0,-17,-5,-39,0,-59,-44,-75,-4,-8,10,29,37,33,35,40,45,0,20,0,19,5,18,0,61,22,58,51,66,51,54,24,43,43,109,54,78,73,81,99,232,260,420,399,375,17,101,17,103,140,441,0,0,0,822,789,810,727,823,788,776,693,604,703,1218,1195,29973,29974]} 1. e4 e5 2. Nf3 Nc6 3. Bb5 Nf6 4. d3 Bc5 5. O-O Nd4 6. Nxd4 Bxd4 7. Ba4 {C65: Spanische Partie (Berliner-Verteidigung)} (7. Nd2 a6 8. Ba4 b5 9. Bb3 d6 10. Nf3 Bb6 11. a4 Rb8 12. axb5 axb5 13. c3 O-O 14. Re1 c5 {½-½ (39) Vachier Lagrave,M (2789)-Nakamura,H (2769) Stavanger 2018}) 7... c6 8. c3 Bb6 9. Na3 d6 {[%cal Bd7d6,Bd6d5,Bd5d4][%mdl 32]} 10. Bc2 {LiveBook: 6 Partien} Be6 $146 ({Vorgänger:} 10... O-O 11. Nc4 Bc7 12. Bg5 h6 13. Bh4 d5 14. exd5 cxd5 15. Ne3 d4 16. Bxf6 Qxf6 17. Nd5 Qd6 18. Nxc7 Qxc7 19. cxd4 exd4 20. Bb3 Bf5 21. Qf3 {½-½ (21) Balogh,C (2628)-Piorun,K (2633) Brest 2018}) 11. Qe2 h6 12. Kh1 g5 (12... Ng4 $5 {[%cal Rd8h4]} 13. g3 O-O $11) 13. Nc4 Bc7 14. Ne3 d5 15. Re1 Qe7 16. a4 O-O-O (16... d4 $5 {[%cal Rd4e3]} 17. Nf5 Bxf5 18. exf5 O-O-O $11) 17. Rb1 (17. exd5 $11 Nxd5 18. Nxd5 cxd5 19. a5) 17... d4 18. Nf1 Bb6 (18... g4 $17) 19. Bd2 $11 Bg4 20. f3 Be6 21. Ng3 Rhg8 22. b4 g4 23. a5 dxc3 $1 24. Bxc3 Bd4 $1 {[%cal Rd4c3]} 25. Bxd4 Rxd4 26. b5 c5 (26... cxb5 $11 27. f4 exf4) 27. Bb3 h5 28. Nf5 $36 {[%mdl 2048] Schwarz steht unter Druck.} Bxf5 29. exf5 Re8 30. Rbc1 gxf3 31. Qxf3 Red8 (31... Qd7 $14) 32. Bc4 (32. a6 $16 {Schwarz muss nun Txe5! beachten.} R4d7 33. axb7+ Rxb7 34. Qg3) 32... e4 33. dxe4 Qe5 34. Bxf7 Rd3 (34... Rxe4 $16 35. Rxe4 Nxe4) 35. Qf2 $1 $18 R8d4 $2 {[#]} (35... R3d4 36. b6 Kb8) 36. Bd5 $1 Kd7 (36... Nxd5 37. Rxc5+) 37. b6 $2 (37. Rxc5 $18 Rd2 38. Qxd2 Rxd2 39. Bc6+ $1 {[%mdl 512]} Kd6 40. Rxe5 Kxe5 41. Bxb7) 37... axb6 $11 38. axb6 (38. Bxb7 $16 bxa5 39. h3) 38... Ng4 {[#]} (38... Rd2 $11 39. Qg1 Nxd5 40. exd5 Qxd5) 39. Qg1 $1 $16 ({Aber nicht} 39. Qh4 $2 {[#]} Rh3 $3 $19 {[%mdl 512]}) 39... Kd8 $2 {[%mdl 8192]} (39... Rd2 $16 {ist eine bessere Chance.} 40. Rf1 (40. Rxc5 $2 Kd6 $19) 40... Qf6 41. Bxb7 Qxb6) 40. h3 $2 ({Günstiger ist} 40. Bxb7 $18 {zielt auf h3 ab.} Qb8 41. Ba6) 40... Rxh3+ $1 $11 41. gxh3 {[%cal Bg2h3,Bh3g4][%mdl 32]} Rd3 $2 {[%mdl 8192]} (41... Rd2 $11 42. hxg4 hxg4) 42. Qg2 $18 (42. hxg4 {ist ein Selbstmatt.} Rh3+ 43. Kg2 Qg3+ 44. Kf1 Qf3+ 45. Qf2 Rh1#) 42... Rg3 43. hxg4 {Droht Dh2 und aus.} Rxg2 44. Kxg2 h4 45. Kf3 Qg3+ 46. Ke2 h3 47. Rg1 Qh4 48. e5 {Precision: Weiß = 29%, Schwarz = 32%.} 1-0

[Event "6th Altibox Norway Chess 2018"]
[Site "Stavanger"]
[Date "2018.06.07"]
[Round "9.4"]
[White "Karjakin, Sergey"]
[Black "Anand, Viswanathan"]
[Result "0-1"]
[WhiteElo "2782"]
[BlackElo "2760"]
[Annotator "TA"]
[PlyCount "64"]
[EventDate "2018.05.26"]
[EventType "tourn"]
[EventRounds "9"]
[EventCountry "NOR"]
[SourceTitle "playchess.com"]
[Source "ChessBase"]
[SourceQuality "1"]

{[%evp 23,64,0,0,0,0,18,0,27,0,0,0,0,0,-10,39,0,0,0,0,0,0,0,0,0,0,0,0,0,0,-206,-210,-225,-199,-209,-193,-192,-202,-225,-218,-217,-216,-283,-278]} 1. d4 Nf6 2. c4 e6 3. Nf3 d5 4. Nc3 Be7 5. Bf4 O-O 6. e3 c5 7. dxc5 Bxc5 8. Qc2 Nc6 9. a3 Qa5 10. O-O-O Ne4 {D37: Queen's Gambit Declined: 5 Bf4} 11. Nb5 a6 12. Nc7 e5 $1 {LiveBook: 3 Games. The position is equal.} 13. Rxd5 {[#]} exf4 $146 ({Predecessor:} 13... f5 14. Rxe5 Nxe5 15. Bxe5 Ra7 16. Nd5 b6 17. Bd3 Bd7 18. b4 Qxa3+ 19. Bb2 Qa4 20. bxc5 bxc5 21. Ne5 Qxc2+ 22. Bxc2 Be6 23. Nf4 {1-0 (23) Kasparov,G (2780)-Vaganian,R (2590) Debrecen 1992}) 14. Qxe4 Qxc7 15. Rxc5 {Strongly threatening Bd3.} fxe3 $1 16. Bd3 {[%csl Gd3][%cal Re4h7]} g6 17. fxe3 Be6 18. Qh4 {aiming for Ng5.} Rae8 19. Be4 {Black must now prevent Ng5.} Qb6 $1 {[%cal Rb6c5]} 20. Qh6 {Ng5! would kill now.} f5 {[#]} 21. Ng5 $1 {[%csl Gg5][%cal Rh6h7][%mdl 512]} Rf7 $1 22. Bd5 $1 {[%cal Rd5e6]} Bxd5 23. Rxd5 Qxe3+ 24. Kb1 Rfe7 25. Rhd1 Qe2 $36 {[%mdl 2048] Black fights for an advantage.} 26. h4 $2 {[#]} (26. Rd6 $11 {and White stays safe.}) 26... Ne5 $1 $19 {[%cal Re5c4,Bc6e5,Be5g4,Bg4f6][%mdl 32]} ({Not} 26... Qxc4 27. h5 $11) 27. Nf3 Qe4+ ({Don't take} 27... Nxf3 28. gxf3 Qxf3 29. R5d4 $17) 28. Ka2 Qxc4+ 29. Ka1 {And now Rxe5 would win.} Ng4 30. Qc1 Qxc1+ 31. Rxc1 Kg7 32. h5 Nf6 {Precision: White = 67%, Black = 89%.} 0-1

[Event "6th Altibox Norway Chess 2018"]
[Site "Stavanger"]
[Date "2018.06.07"]
[Round "9.5"]
[White "Aronian, Levon"]
[Black "Nakamura, Hikaru"]
[Result "1/2-1/2"]
[WhiteElo "2764"]
[BlackElo "2769"]
[Annotator "TA"]
[PlyCount "84"]
[EventDate "2018.05.26"]
[EventType "tourn"]
[EventRounds "9"]
[EventCountry "NOR"]
[SourceTitle "playchess.com"]
[Source "ChessBase"]
[SourceQuality "1"]

{[%evp 28,84,37,33,57,18,19,11,20,10,6,10,5,6,13,0,6,0,9,13,13,13,17,0,0,0,0,0,0,0,0,8,6,6,5,0,0,0,0,0,0,0,0,0,0,0,0,0,0,0,9,0,9,0,4,0,0,0,0]} 1. d4 Nf6 2. c4 e6 3. Nf3 d5 4. Nc3 Be7 5. Bf4 O-O 6. e3 c5 7. dxc5 Bxc5 8. Qc2 Nc6 9. Rd1 Qa5 10. a3 Re8 {D37: Queen's Gambit Declined: 5 Bf4} 11. Nd2 e5 12. Bg5 Nd4 13. Qb1 Bf5 14. Bd3 Bxd3 15. Qxd3 {[#] LiveBook: 16 Games. Black must now prevent Bxf6.} Ne4 $1 {[%cal Re4g5]} ({Not} 15... e4 $2 16. Qb1 $18) 16. Nxd5 Nxg5 {The position is equal.} 17. b4 Qd8 18. bxc5 {[#] aiming for h4.} Nde6 $146 19. O-O {Threatening Nb3.} Nxc5 20. Qb1 Nge6 21. Nf3 Nf8 $1 22. Rd2 Rc8 23. Rfd1 Qd6 24. Nc3 Qg6 25. Rd5 Qxb1 26. Rxb1 f6 27. Nb5 {Black should prevent Nd6.} Ne4 28. Nd2 Nxd2 29. Rxd2 Re7 30. Nxa7 Rxc4 31. Nb5 Rd7 32. Rxd7 Nxd7 $11 {[%mdl 4096] Endgame KRN-KRN} 33. Nd6 Rc3 34. Nxb7 Rxa3 35. h3 Ra8 36. Rd1 Nf8 37. Nc5 Rc8 38. Ne4 Rc7 39. Kf1 Ne6 40. Rd6 Kf7 41. Rb6 Nc5 42. Nxc5 Rxc5 {Precision: White = 39%, Black = 74%.} 1/2-1/2